Obras completas

Shranjeno v:
Bibliografske podrobnosti
Glavni avtor: Magallanes Moure, Manuel (autor)
Format: Knjiga
Jezik:španščina
Izdano: Santiago Origo Ediciones 2012
Teme:
Oznake: Označite
Brez oznak, prvi označite!

MARC

LEADER 00000cam a2200000 a 4500
001 UCF5011
003 CL-VaPUC
005 20230531074415.0
008 130110e20120000CL |||||||||||||||||spa|d
999 |c 350646  |d 350644 
020 |a 9789563161243 
040 |c Pontificia Universidad Católica de Valparaíso 
082 0 4 |a Ch868  |b MAG  |2 21 
100 |a Magallanes Moure, Manuel  |e autor  |9 861947 
245 1 0 |a Obras completas 
260 |a Santiago  |b Origo Ediciones  |c 2012 
300 |a 711 p 
583 |a last modification  |c 20130117 09:28:47  |k Rodrigo Vera 
650 0 |a Poesías chilenas   |9 265280 
650 0 |a Literatura chilena   |9 308278 
942 |c BK  |2 ddc 
945 |d 20130110 00:00:00  |a dcastane 
952 |0 0  |1 0  |4 0  |6 CH_868_000000000000000_MAG_2012  |7 0  |8 A  |9 454195  |a BIBEDU  |b BIBEDU  |d 2019-11-22  |i 4943287  |o Ch868 MAG 2012  |p 4943287  |r 2019-11-22  |w 2019-11-22  |y BK  |k LIT 
952 |0 0  |1 0  |3 erd  |4 0  |6 CH_868_000000000000000_MAG_2012  |7 0  |8 A  |9 454196  |a BIBEDU  |b BIBEDU  |i 5075254  |o Ch868 MAG 2012  |p 5075254  |r 2019-11-22  |w 2019-11-22  |y BK  |z Catalogado en:20140526  |k LIT